000 00824nam a2200253Ia 4500
003 OSt
005 20221002051228.0
006 a|||||r|||| 00| 0
007 ta
008 220930b |||||||| |||| 00| 0 eng d
024 _a23343
037 _cReference Collections
040 _aCRL
_cCRL
_beng
041 _2eng
_aeng
082 _aV1n1,N97, N8.2(RR)
100 _aPania M R Compiler
_9572251
111 _aNEW DELHI, SECRETARIAT FOR COMMEMMORATION OF 50th ANNIVERSARY OF INDIA's INDEPENDENCE
_9572252
245 0 _aNational calendar of events. Vol.II
_b International initiatives.
260 _aNew Delhi
_bGovt. of India
_c1998
300 _a264p.
_ccm.
650 _aWORLD HISTORY
942 _hV1n1,N97, N8.2(RR)
_cref
_2CC
999 _c916274
_d916274